| 000 | 00496nam a2200217Ia 4500 | ||
|---|---|---|---|
| 003 | 0100 | ||
| 008 | 130303s9999 xx 000 0 und d | ||
| 020 | _a0710006721 | ||
| 040 | _cARRUPELIB | ||
| 050 | _aB3305.M74 1981 | ||
| 100 | _aWood, Allen W | ||
| 245 | _aKarl Marx | ||
| 260 | _aLondon | ||
| 260 | _bRoutledge and Kegan Paul | ||
| 260 | _C1981 | ||
| 300 | _axviii | ||
| 300 | _b 282p. 23 cm. | ||
| 440 | _aArguments of the philosophers | ||
| 650 | _aPHILOSOPHY | ||
| 942 | 0 | 0 | _01 |
| 999 |
_c25739 _d25739 |
||